| 000 | 00889nam a22002777a 4500 | ||
|---|---|---|---|
| 001 | 3545 | ||
| 003 | FISKH | ||
| 005 | 20240318105019.0 | ||
| 008 | 240318b cb ||||| |||| 00| 0 eng d | ||
| 020 | _a9780545620253 | ||
| 040 |
_aFISKH _beng _cFISKH _dFISKH |
||
| 050 | _aE457.R34 | ||
| 082 | _a973.092 | ||
| 100 |
_aRappaport, Doreen _eauthor |
||
| 245 |
_aAbe's honest words : _bThe life of Abraham Lincoln / _cby Doreen Rappaport : illustrated by Kadir Nelson |
||
| 260 |
_aNew York : _bScholastic , _c2008 |
||
| 300 |
_a45 unnumbered pages : _bcolor illustrations ; _c26 cm. |
||
| 490 | _aBig words | ||
| 505 | _aU | ||
| 520 | _aAn introduction to the life and career of America's 16th president. | ||
| 521 | 8 |
_a820
_bLexile |
|
| 521 | 8 |
_aU
_bRaz-Plus |
|
| 650 |
_acivil war _vNon-fiction |
||
| 700 |
_aNelson, Kadir _eillustrator |
||
| 942 |
_2ddc _cBK _n0 |
||
| 999 |
_c3545 _d3545 |
||